| 000 | 00671nam a2200205 i 4500 | ||
|---|---|---|---|
| 001 | 128745 | ||
| 003 | ES-MaACL | ||
| 005 | 20230906193343.0 | ||
| 007 | t| | ||
| 008 | 070524s1939 sp ||||1| spa d | ||
| 100 | 1 |
_aTato Cumming, Gaspar. _9109391 |
|
| 245 | 1 | 0 |
_aChina, Japón y el conflicto chino-japonés / _cpor Gaspar Tato Cumming. |
| 260 |
_aSan Sebastián : _b[s.n.], _c1939 ( _fGraf. Fides) |
||
| 300 |
_a160 p. : _bil. ; _c22 cm. |
||
| 651 | 4 |
_aChina- _xDescripción. _98049 |
|
| 651 | 4 |
_aJapón- _xDescripción. _98884 |
|
| 651 | 4 |
_aChina- _xRelaciones- _yJapón. _98060 |
|
| 651 | 4 |
_aJapón- _xRelaciones- _zChina. _98886 |
|
| 852 |
_aES-MaACL _jB-9234 _bR.19076 |
||
| 999 |
_c128745 _d128745 |
||